Регионална библиотека "Любен Каравелов" - Русе

Човешката участ в творчеството на Атанас Далчев, Александър Вутимски и Александър Геров (Запис номер 104336)

MARC детайли
000 -Лидер
Контролно поле с фиксирана дължина 02025nam a2200433 c 4500
003 - Код на организацията, давaща контролен номер
Контролно поле BLK
005 - Дата и час на последна редакция
Контролно поле 20250330004145.0
008 - Елементи от данни с фиксирана дължина
fixed length control field 180409b bul|||||r ||||||| ||bul||
010 ## - Наследен системен номер
LC control number KNG00109440000
020 ## - Международен стандартен номер на книга ISBN
Международен стандартен номер на книга ISBN 954-496-059-7
-- издат.: Орбел
040 ## - Източник на каталожния запис
Идентификатор на билиотеката - собственик на записа BLK
041 ## - Код за език
Код за езика на текст/звукозапис или на отделно заглавие Български
Код за езика КДБФ Български
080 ## - УДК
Текстов определител УДК Българска литература
УДК код - определител по УДК 821.163.2
УДК определител .09(092)
УДК - код + определител 821.163.2.09(092)
080 ## - УДК
Текстов определител УДК Българска литература
УДК код - определител по УДК 821.163.2
УДК определител -1.09
УДК - код + определител 821.163.2-1.09
080 ## - УДК
Текстов определител УДК Биографии
УДК код - определител по УДК 929
УДК определител (497.2)
УДК - код + определител 929(497.2)
100 1# - Редна дума - Автор
Автор Кунчев, Божидар Богомилов
Авторска отговорност първи автор
R(LIN) 365067
139 ## - Редно поле
Редна дума Кунчев, Божидар Богомилов
Авторски знак Ку - К 93
245 10 - Сведения за заглавието
Заглавие Човешката участ в творчеството на Атанас Далчев, Александър Вутимски и Александър Геров
Редно поле (дума) Божидар Богомилов Кунчев.
257 ## - Страна на издаване
Страна на създаване/издаване България
260 ## - Област на издателските данни
-- София
Име на издателя, разпространителя и проч. Орбел
Година на издаване 2003
Печатница София : Ирис
300 ## - Физическа характеристика
Страници 272 с.
Размери/Мащаб 21 см
380 ## - Жанр
Жанр Литературознание
600 #0 - Име на лице, използвано като предмет
За него / За нея Далчев, Атанас Христов
Свързани дати 1904-1978
Друга информация Поет. Преводач от английски, френски, немски, испански, руски, гръцки и унгарски език.
9 (RLIN) 363753
600 14 - Име на лице, използвано като предмет
За него / За нея Вутимски, Александър
9 (RLIN) 49507
600 14 - Име на лице, използвано като предмет
За него / За нея Геров, Александър Цветков
9 (RLIN) 365150
650 #4 - Допълнително описание по предмет – тема
Основно описание – тема или топоним Поети, български - творчество
9 (RLIN) 250545
650 #4 - Допълнително описание по предмет – тема
Основно описание – тема или топоним Българска литература - теми, образи, сюжети
9 (RLIN) 242409
653 ## - Ключова дума – ненормативна
Ключова дума Атанас Далчев
653 ## - Ключова дума – ненормативна
Ключова дума Александър Вутимски
653 ## - Ключова дума – ненормативна
Ключова дума Александър Геров
653 ## - Ключова дума – ненормативна
Ключова дума българска литература
653 ## - Ключова дума – ненормативна
Ключова дума критика
852 ## - Местоположение
Форматна сигнатура Цб 216991
856 4# - Електронен адрес и достъп
Електронен формат pdf - файл
Път до файла /url/
856 4# - Електронен адрес и достъп
Електронен формат pdf - файл
Път до файла /url/
942 ## - АРТИКУЛИ
Вид на библиотечния материал Книги
Скрит в OPAC Не
944 ## - СЪЗДАВАНЕ И РЕДАКЦИЯ на ЗАПИСА
Създаване/Редакция Създаване
Дата на регистрацията/редакция 08.12.2003
Служител, извършил регистрацията/редакцията
Статус, дата на статуса CRON CRON
944 ## - СЪЗДАВАНЕ И РЕДАКЦИЯ на ЗАПИСА
Създаване/Редакция Редакция
Дата на регистрацията/редакция 29.11.2004
Служител, извършил регистрацията/редакцията
999 ## - СИСТЕМНИ КОНТРОЛНИ НОМЕРА
Koha biblionumber 104336
Koha biblioitemnumber 104336
Наличности
Код за отписване Код за изгубен артикул Източник на класификационната схема Код за повреда Коз за рестрикции Код за отдаване Артикулен № Име на библиотеката - собственик Име на библиотеката, в която се намира в момента Статус (Текущо местоположение) Дата на вписване в системата Местоположение - отдел Цена в лева Инвентарен номер Систематично азбучна сигнатура Баркод Номер на екземпляра Цена в евро Служебна бележка Служебен тип на артикула
  Не е изгубен Universal Decimal Classification Не е повреден без рестрикции заемане за дома 168517 Регионална библиотека "Любен Каравелов" Русе Регионална библиотека "Любен Каравелов" Русе Заемна - подръчен фонд 2003-12-08 Заемна - подръчен фонд 8.00 120000680678 П 821.163.2.09(092)/К 93 120000680678 1 4.09 Дост: Pk Вид: Ф N: 8852 Дата: 05.12.2003 Дата инв: 13.02.2018 Бележки инв: П2018 Книги
  Не е изгубен Universal Decimal Classification Не е повреден без рестрикции ползва се в читалня 168518 Регионална библиотека "Любен Каравелов" Русе Регионална библиотека "Любен Каравелов" Русе Читалня 2003-12-08 Читалня 8.00 120000680679 Ч 821.163.2.09(092)/К 93 120000680679 2 4.09 Дост: Pk Вид: Ф N: 8852 Дата: 05.12.2003 Дата инв: 27.03.2017 Бележки инв: Ч2017 Книги
  Не е изгубен   Не е повреден без рестрикции ползва се в читалня 168519 Регионална библиотека "Любен Каравелов" Русе Регионална библиотека "Любен Каравелов" Русе Хранилище 2004-11-24 Хранилище 8.00 120000690546 Цб 216991 120000690546 3 4.09 Дост: Dp Вид: Д N: 9 Дата: 19.02.2004 Книги
Vip Innovations Ltd, Rousse, Bulgaria 2025